000 00636nam a22001817a 4500
999 _c61690
_d61690
005 20240417155240.0
008 240417s2000 enk||||| |||| 00| 0 eng d
020 _a1575241447x
041 _aeng
080 _a614.2 J-25
100 _aJarcho, Saul
_921837
245 _aThe Clinical Consultations of Francesco Torti /
_cSaul Jarcho.
264 _aNew York :
_b‎Krieger Publishing Company,
_c2000.
300 _a912 p.;
_b24 cm.
653 _aფრანჩესკო ტორტის კლინიკური კონსულტაციები
653 _aმედიცინა
942 _2udc
_cᲬᲘᲒᲜᲘ